Fruit by Letter - Statistics

General Stats
  • This quiz has been taken 15 times
  • The average score is 8 of 19
Answer Stats
Hint Answer % Correct
B Banana Boysenberry Blueberry Blacberry
100%
A Apple Apricot Avocado Açaí
80%
L Lemon Lime Lychee
80%
M Mango Mulberry Marionberry Mangosteen
67%
O Orange
67%
S Strawberry Soursop Star fruit
67%
G Grape Guava Gooseberry Golden berry Goji Berry Grapefruit
53%
K Kiwi Kumquat
53%
F Fig
40%
N Nectarine
40%
D Date Dragonfruit Durian
33%
Q Quince
33%
J Jackfruit Jujube Juniper
27%
P Papaya Pomegranate Persimmon Pear Plum Pineapple Peach
13%
E Elderberry
7%
R Rambutan Raspberry Red Currant
7%
T Tamarind Tangelo Tomato
7%
C Cucumber Coconut Currant Cranberry Cucumber Cherry
0%
H Hawthorn Huckleberry Honeydew
0%
No matching quizzes found
Score Distribution
Percent of People with Each Score
Percentile by Number Answered
Your Score History
You have not taken this quiz